| 000 | 01311cam a2200241 4500 | ||
|---|---|---|---|
| 001 | ABS66428 | ||
| 008 | 030306n2003 000 0 eng u | ||
| 035 | _a(Sirsi) u121549 | ||
| 110 |
_aMott Green and Wall _93850 |
||
| 245 | _aEnergy efficient ventilation systems | ||
| 260 | _c2003 | ||
| 490 |
_aBuilding Services Journal _v 25(1) January 2003, 18-20(3) |
||
| 520 | _aExamines the efficiency of ventilation systems. Highlights that government environmental policy is concentrated on three key areas of the revision of Part L of the Building Regulations, the Climate Change Levy and enhanced capital allowances. Concentrates on examination of the development of energy efficient ventilation systems, ductwork distribution, fans, heat recovery and motors and drives. Uses a case study and tables to illustrate the benefits of incorporating energy efficient measures into the design of a system. Tables. | ||
| 590 | _aABS | ||
| 650 | _aVENTILATION SYSTEMS | ||
| 650 |
_aBlock management _96220 |
||
| 650 | _aENHANCED CAPITAL ALLOWANCE SCHEME | ||
| 650 | _aCLIMATE CHANGE LEVY | ||
| 650 | _aBUILDING REGULATIONS 2000 APPROVED DOCUMENT L2 (2002 EDITION) | ||
| 690 | _aENVIRONMENTAL AND LAND CONSULTANCY-ENERGY-ENERGY USE-ENERGY EFFICIENCY | ||
| 710 |
_aDavis Langdon and Everest _91155 |
||
| 942 | _n0 | ||
| 999 |
_c72248 _d72248 |
||